Geography by Pictures (Medium-Hard) - A - Statistics

General Stats
  • This quiz has been taken 163 times
  • The average score is 7 of 14
Answer Stats
Picture Hint Answer % Correct
Province of Canada Alberta
89%
City in Egypt Alexandria
89%
Caribbean Country Antigua and Barbuda
82%
Capital City of Madagascar Antananarivo
77%
South American Desert Atacama Desert
75%
Caribbean Island Aruba
63%
City in Turkey Antalya
61%
Atlantic Island Azores
58%
City in Denmark Aalborg
51%
Siberian Mountain Range Altai Mountain
23%
Himalayan Mountain Range Annapurna (I) Massif
17%
Province of Indonesia Aceh
14%
Prefecture of Japan Aomori
9%
City in Indonesia Ambon
4%
No matching quizzes found
Score Distribution
Percent of People with Each Score
Percentile by Number Answered
Your Score History
You have not taken this quiz